Bu Yerli+Yabancı 50 Dizi ve Filmi Bilebilecek Misin? - Statistics

General Stats
  • This quiz has been taken 66 times
  • The average score is 32 of 50
Answer Stats
Hint Answer % Correct
Breaking Bad
100%
La Casa de Papel
98%
Stranger Things
98%
Yaprak Dökümü
97%
Akasya Durağı
97%
Çocuklar Duymasın
97%
Aşk-ı Memnu
97%
Kızılcık Şerbeti
97%
Hababam Sınıfı
97%
Arka Sokaklar
97%
Kurtlar Vadisi
97%
Prison Break
95%
The Walking Dead
95%
Squid Game
95%
Recep İvedik
95%
Avrupa Yakası
94%
Diriliş Ertuğrul
92%
Game of Thrones
92%
Muhteşem Yüzyıl
92%
Harry Potter
91%
Selvi Boylum Al Yazmalım
89%
Tosun Paşa
89%
Uzak Şehir
89%
Fight Club
88%
Düğün Dernek
88%
Hükümet Kadın
84%
Peaky Blinders
81%
Forrest Gump
80%
Black Mirror
77%
Kardeş Payı
77%
John Wick
70%
Kill Bill
67%
South Park
63%
Avengers Endgame
58%
Blade Runner
48%
Sons of Anarchy
45%
Mad Max
38%
The Green Mile
36%
Tatlı Hayat
30%
Mind Hunter
19%
House Cards
8%
The Godfather
6%
Ad Astra
3%
Gladiator Rome
2%
The Dictator
0%
Joker Movie
0%
Riverdale Series
0%
Wednesday Series
0%
Gravity Space
0%
Space Travelers
0%
No matching quizzes found
Score Distribution
Percent of People with Each Score
Percentile by Number Answered
Your Score History
You have not taken this quiz